| 000 | 00397nam a2200157Ia 4500 | ||
|---|---|---|---|
| 008 | 230917s9999||||xx |||||||||||||| ||und|| | ||
| 020 | _cDFE90 | ||
| 040 |
_e17391 _aMAIN |
||
| 041 | _aEnglish | ||
| 082 | _a333.7 N582E | ||
| 100 | _aNifkamp, P, ed. | ||
| 245 | 0 | _aEnviournment economics | |
| 260 |
_aLeiden _bMartinus Nifheff social science division _c1976 |
||
| 300 | _axi,122 p. | ||
| 942 | _cBK | ||
| 999 |
_c57666 _d57666 |
||